logo

Bir Sreshtho Munshi Abdur Rouf Library
Jhenaidah Cadet College

Towards a just monetary system : (Record no. 12368)

MARC details
000 -LEADER
fixed length control field 01057nam a2200301 a 4500
001 - CONTROL NUMBER
JCCL Control Number 12368
003 - CONTROL NUMBER IDENTIFIER
JCCL marc code BD-JhCC
005 - DATE AND TIME OF LATEST TRANSACTION
control field 20211115095922.0
008 - FIXED-LENGTH DATA ELEMENTS--GENERAL INFORMATION
fixed length control field 210605s1985 enk b 001 0 eng
035 ## - SYSTEM CONTROL NUMBER
system control number (BD-JhCC)12368
040 ## - CATALOGING SOURCE
Original cataloging agency DLC
Transcribing agency DLC
Modifying agency DLC
-- BD-JhCC
041 ## - LANGUAGE CODE
Language code of Book eng
050 00 - LIBRARY OF CONGRESS CALL NUMBER
Classification number HG3368.A6
Item number C47 1985
082 00 - DEWEY DECIMAL CLASSIFICATION NUMBER
Classification number 332.1/0917/671
DDC Edition number 19
Author mark and Year CHA 1985
100 1# - MAIN ENTRY--PERSONAL NAME
Personal name Chapra, M. Umer
Fuller form of name (Muhammad Umer),
Dates associated with a name 1933-
245 10 - TITLE STATEMENT
Title Towards a just monetary system :
Remainder of title a discussion of money, banking, and monetary policy in the light of Islamic teachings /
Statement of responsibility, etc M. Umer Chapra.
260 ## - PUBLICATION, DISTRIBUTION, ETC. (IMPRINT)
Place of publication, distribution, etc Leicester, UK :
Name of publisher, distributor, etc Islamic Foundation,
Date of publication, distribution, etc c1985.
300 ## - PHYSICAL DESCRIPTION
Pagination 292 p. ;
Dimensions 22 cm.
440 #0 -
Title Islamic economics series ;
Volume number/sequential designation 8
500 ## - GENERAL NOTE
General note Includes index.
504 ## - BIBLIOGRAPHY, ETC. NOTE
Bibliography, etc Bibliography: p. 267-282.
650 #0 - SUBJECT ADDED ENTRY--TOPICAL TERM
Topical term or geographic name as entry element Banks and banking
Geographic subdivision Islamic countries.
650 #0 - SUBJECT ADDED ENTRY--TOPICAL TERM
Topical term or geographic name as entry element Monetary policy
Geographic subdivision Islamic countries.
650 #0 - SUBJECT ADDED ENTRY--TOPICAL TERM
Topical term or geographic name as entry element Banks and banking
General subdivision Religious aspects
-- Islam.
650 #0 - SUBJECT ADDED ENTRY--TOPICAL TERM
Topical term or geographic name as entry element Economics
General subdivision Religious aspects
-- Islam.
650 #0 - SUBJECT ADDED ENTRY--TOPICAL TERM
Topical term or geographic name as entry element Islam
General subdivision Economic aspects.
942 ## - ADDED ENTRY ELEMENTS (KOHA)
Source of classification or shelving scheme Dewey Decimal Classification
Koha item type Books
Holdings
Source of classification or shelving scheme Damaged status Not for loan Home library Current library Shelving location Date of accession Cost, normal purchase price Total Checkouts Full call number Barcode Date last seen Copy number Koha item type
Dewey Decimal Classification     JCC Rouf Library JCC Rouf Library General Stacks 06/05/2021 250.00   332.1/0917/671 CHA 1985 16723 11/15/2021 C-1 Books

JCC Library | Contacts | JCC Home

Last Update on 23 September 2017
Copyright @ 2017-2020 JCC Rouf Library
Rouf Library, Jhenidah Cadet College (JCC), Bangladesh